|
|
|
|
| LEADER |
00000cam a2200000 7i4500 |
| 001 |
0000001544 |
| 005 |
20010731.0 |
| 090 |
0 |
0 |
|a 634.9285
|b KOR 1992
|
| 100 |
1 |
0 |
|a KORSGAARD
|h Svend
|
| 245 |
1 |
3 |
|a An analysis of growth parameters and timber yield prediction based on research plots in the permanent forest estate of Sarawak, Malaysia
|c by Svend Korsgaard
|
| 260 |
0 |
0 |
|a Copenhagen, Denmark :
|b The Council for Development Research ,
|c 1992
|
| 300 |
|
|
|a vii,,120 :
|b ill. ;
|c 30 cm.
|
| 500 |
0 |
0 |
|a Bibliography : p. 117-120
|
| 650 |
0 |
0 |
|a Forests and forestry
|
| 998 |
|
|
|a JPSM
|
| 999 |
|
|
|a 0000002958
|b Monograph
|c Open Shelf
|e Default branch
|